| 000 | 00750cam a2200253 a 4500 | ||
|---|---|---|---|
| 008 | |||
| 020 | _a0073386618 (pbk.) | ||
| 049 | _aMAIN | ||
| 090 |
_aB72 _bTRU |
||
| 245 | 0 | 4 |
_aThe truth about the world : _bbasic readings in philosophy / _cedited by James Rachels and Stuart Rachels. |
| 250 | _a2nd ed. | ||
| 260 |
_aBoston : _bMcGraw-Hill Higher Education, _cc2008. |
||
| 300 |
_ax, 324 p. ; _c22 cm. |
||
| 504 | _aIncludes bibliographical references. | ||
| 650 | 0 | _aPhilosophy. | |
| 650 | _aEthics. | ||
| 700 | 1 | _aRachels, James. | |
| 700 | 1 | _aRachels, Stuart. | |
| 907 |
_a.b10295859 _b23-07-12 _c12-05-11 |
||
| 003 | |||
| 005 | 20230123125352.0 | ||
| 040 | _cNUST | ||
| 942 |
_cBOOKS _kB72 _mTRU |
||
| 999 |
_c140329 _d140329 |
||